00445nam a2200157Ia 45000010006000000050017000060080041000230410008000640820022000721000030000942450110001242600009002343000028002436500008002716540008002791823420260306171615.0260306s9999||||xx |||||||||||||| ||und|| aESP a658.402bA43 2017 aAlles, Martha AliciaeAUT 0aComportamiento organizacional:bcómo lograr un cambio cultural a través de gestión por competencias c2017 a547 páginas :c23 cm. aGEN aCAN